000 00436nam a2200145Ia 4500
008 240729s9999 xx 000 0 und d
022 _a2783-3127
245 0 _aJournal of Current Oncology and Medical Sciences
260 _aIran, Islamic Republic of
260 _bZabansaraye Parsian Novin Mehr Institute
650 _aMedicine
856 _uhttps://doaj.org/toc/014a53d8f8ef46df8a014e00aaeed0fb
942 _2ddc
942 _cDOAJEJ
999 _c68478
_d68478
945 _a1
_bMadushi Gamage
_c1
_dMadushi Gamage